The e Nation/ (Record no. 195740)

MARC details
000 -LEADER
fixed length control field 00501nam a22001937a 4500
005 - DATE AND TIME OF LATEST TRANSACTION
control field 20230419114354.0
010 ## - LCCN (DPL NO)
LC control number ENG-136728
020 ## - INTERNATIONAL STANDARD BOOK NUMBER
International Standard Book Number 9789388332132
Terms of availability 595.00
035 ## - SYSTEM CONTROL NUMBER
System control number EN-120260
037 ## - SOURCE OF ACQUISITION
Source of stock number/acquisition DBAD/PUB
082 ## - DEWEY DECIMAL CLASSIFICATION NUMBER
Classification number 954
100 ## - MAIN ENTRY--PERSONAL NAME
Personal name Nair, Suresh
245 00 - TITLE STATEMENT
Title The e Nation/
Remainder of title Suresh Nair
250 ## - EDITION STATEMENT
Edition statement 1st. ed.
260 ## - PUBLICATION, DISTRIBUTION, ETC. (IMPRINT)
Place of publication, distribution, etc Kolkatta
Name of publisher, distributor, etc Authors Press
Date of publication, distribution, etc 2019
300 ## - PHYSICAL DESCRIPTION
Extent 229p.;
Dimensions 22cm(pbk)
700 ## - ADDED ENTRY--PERSONAL NAME
Personal name Chittabrata palit
Relator term Edited by
942 ## - ADDED ENTRY ELEMENTS (KOHA)
Source of classification or shelving scheme Dewey Decimal Classification
Item type English Books
Call number suffix NAI
Classification part 954
Holdings
Withdrawn status Lost status Not for loan Collection code Home library Current library Date acquired Source of acquisition Cost, normal purchase price Full call number Barcode Copy number Cost, replacement price Koha item type
      Non-fiction Shahdara Branch Shahdara Branch 19/04/2023 DBAD/PUB 595.00 954 NAI EN-120260 1 595.00 English Books

© Delhi Public Library
Hit Counter
free hit counter